Residues and duality
Saved in:
| Main Author: | |
|---|---|
| Format: | Book |
| Language: | English |
| Published: |
Berlín
Springer-Verlag
1966
|
| Series: | Lecture Notes in Mathematics, 20
|
| Subjects: | |
| Tags: |
Add Tag
No Tags, Be the first to tag this record!
|
MARC
| LEADER | 00000nam a2200000 a 4500 | ||
|---|---|---|---|
| 001 | UCP1639 | ||
| 003 | CL-VaPUC | ||
| 008 | 990416e19660000GW |||||||||||||||||eng|d | ||
| 082 | 0 | 4 | |a 514.23 |b HAR |2 21 |
| 100 | |a Hartshorne, Robin |e author |9 427804 | ||
| 245 | 1 | 0 | |a Residues and duality |
| 300 | |a 423 p | ||
| 942 | |c BK | ||
| 945 | |d 19990416 00:00:00 |a crobeson | ||
| 260 | |a Berlín |b Springer-Verlag |c 1966 | ||
| 650 | 7 | |a COHOMOLOGIA |2 CL-VaPUC |9 423575 | |
| 650 | 0 | |a Topología algebraica |9 269858 | |
| 650 | 0 | |a Derivadas |9 354237 | |
| 583 | |a last modification |c 19990416 00:00:00 |k Rodrigo Vera | ||
| 490 | 0 | |a Lecture Notes in Mathematics, 20 | |
| 999 | |c 280305 |d 280303 | ||
| 952 | |0 0 |1 0 |4 0 |6 514_230000000000000_HAR_1966 |7 0 |8 A |9 320556 |a BIBMAT |b BIBMAT |d 2019-11-20 |i 134370K |o 514.23 HAR 1966 |p 134370K |r 2025-01-07 |w 2019-11-20 |y BK |k MAT | ||